00488nam a22001457a 4500003000500000038001800005082000800023100001900031245011300050264003500163300002400198650003000222700003200252856005800284NUST aNusrat Nadeem a200 aKhalil, Fatima aA Framework for Integrating & Automating Organizational IT Governance, Risk and Compliance/cFatima Khalil,  aIslamabad;bSEECS NUST;c2024. a99,p;bill;c30,cm. aMS- Information Security  aSupervisor: Dr. Hasan Tahir u http://10.250.8.41:8080/xmlui/handle/123456789/46158